| 000 | 00530nam a2200181Ia 4500 | ||
|---|---|---|---|
| 003 | OSt | ||
| 005 | 20260328095749.0 | ||
| 008 | 211028s2009 xx 000 0 und d | ||
| 040 | _cAIMIT LIBRARY | ||
| 041 | _aeng | ||
| 082 | _a658.15 ANCS | ||
| 100 |
_aAnchan, Susheetha;Dias, Beena. _g716114 _96358 |
||
| 245 | _aAn analysis on customer satisfaction regarding retail lending with reference to Karnataka Bank ltd / | ||
| 260 |
_bDias, Beena _c2009 |
||
| 600 |
_aFinance _96359 |
||
| 650 |
_aFinance _96360 |
||
| 942 |
_2ddc _cPRO |
||
| 999 |
_c218211 _d218211 |
||